Normal view
MARC view
- Firdosi, Muhamad Yaqoob
Entry Personal Name
001 - CONTROL NUMBER
- control field: 15255
003 - CONTROL NUMBER IDENTIFIER
- control field: NUST
005 - DATE AND TIME OF LATEST TRANSACTION
- control field: 20190621053420.0
008 - FIXED-LENGTH DATA ELEMENTS
- fixed length control field: 190621|| aca||aabn | a|a d
040 ## - CATALOGING SOURCE
- Original cataloging agency: NUST
- Transcribing agency: NUST
100 ## - HEADING--PERSONAL NAME
- Personal name: Firdosi, Muhamad Yaqoob
670 ## - SOURCE DATA FOUND
- Source citation: Work cat.: (NUST): Firdosi, Muhamad Yaqoob, Lajpal Sakhi Lajpal /, 2009.
